Modernising company law (Record no. 70759)
[ view plain ]
| 000 -LEADER | |
|---|---|
| fixed length control field | 01110cam a2200217 4500 |
| 001 - CONTROL NUMBER | |
| control field | WB3826-16 |
| 008 - FIXED-LENGTH DATA ELEMENTS--GENERAL INFORMATION | |
| fixed length control field | 020717n2002 000 0 eng u |
| 035 ## - SYSTEM CONTROL NUMBER | |
| System control number | (Sirsi) u118883 |
| 245 ## - TITLE STATEMENT | |
| Title | Modernising company law |
| 260 ## - PUBLICATION, DISTRIBUTION, ETC. | |
| Date of publication, distribution, etc. | 2002 |
| 490 ## - SERIES STATEMENT | |
| Series statement | DTI Press Notice |
| Volume/sequential designation | (P/2002/457) 16 July 2002, (3) |
| 520 ## - SUMMARY, ETC. | |
| Summary, etc. | "Modernising company law", the government white paper, is the most far-reaching review of company law in 150 years and is the first part of the government's response to the company law review. Key proposals include new rules relating to the duties of directors in respect of company audits; reduced obligations for private companies; directors' duties set out clearly in statute for the first time. The white paper is available at http://www.dti.gov.uk/companiesbill/whitepaper.htm http://www.nds.coi.gov.uk/coi/coipress.nsf/4eb388ccc4bff3e880256bf4003360fb/32824420bee51d2680256bf80039c686?OpenDocument |
| 590 ## - LOCAL NOTE (RLIN) | |
| Local note | WB |
| 650 ## - SUBJECT ADDED ENTRY--TOPICAL TERM | |
| Topical term or geographic name entry element | COMPANY LAW |
| 650 ## - SUBJECT ADDED ENTRY--TOPICAL TERM | |
| Topical term or geographic name entry element | COMPANIES |
| 650 ## - SUBJECT ADDED ENTRY--TOPICAL TERM | |
| Topical term or geographic name entry element | PRIVATE COMPANIES |
| 650 ## - SUBJECT ADDED ENTRY--TOPICAL TERM | |
| Topical term or geographic name entry element | AUDITORS |
| 650 ## - SUBJECT ADDED ENTRY--TOPICAL TERM | |
| Topical term or geographic name entry element | DIRECTORS |
| 690 ## - LOCAL SUBJECT ADDED ENTRY--TOPICAL TERM (OCLC, RLIN) | |
| Topical term or geographic name as entry element | LAW-UK |
| 942 ## - ADDED ENTRY ELEMENTS (KOHA) | |
| Suppress in OPAC | 0 |
| Withdrawn status | Lost status | Source of classification or shelving scheme | Damaged status | Not for loan | Home library | Current library | Shelving location | Date acquired | Total Checkouts | Full call number | Barcode | Date last seen | Copy number | Price effective from | Koha item type |
|---|---|---|---|---|---|---|---|---|---|---|---|---|---|---|---|
| Dewey Decimal Classification | London | London | News article | 17/07/2002 | WB3826-16 | 118883-1001 | 06/08/2019 | 1 | 06/08/2019 | News article |